Poéticas y retóricas griegas
Guardat en:
| Autor principal: | |
|---|---|
| Format: | Llibre |
| Idioma: | espanyol |
| Publicat: |
Madrid
Síntesis
2002
|
| Col·lecció: | Historia de la Literatura Universal; 6 Literatura Griega. Géneros y Temas
|
| Matèries: | |
| Etiquetes: |
Afegir etiqueta
Sense etiquetes, Sigues el primer a etiquetar aquest registre!
|
MARC
| LEADER | 00000nam a2200000 a 4500 | ||
|---|---|---|---|
| 001 | UCL8105 | ||
| 003 | CL-VaPUC | ||
| 008 | 040611e20020000SP |||||||||||||||||spa|d | ||
| 020 | |a 847738990X | ||
| 082 | 0 | 4 | |a 881.09 |b LOP |2 21 |
| 100 | |a López Eire, Antonio |e autor |9 486058 | ||
| 245 | 1 | 0 | |a Poéticas y retóricas griegas |
| 300 | |a 286 p | ||
| 942 | |c BK | ||
| 945 | |d 20040611 00:00:00 |a cmena | ||
| 260 | |a Madrid |b Síntesis |c 2002 | ||
| 650 | 7 | |a POESIA GRIEGA |2 CL-VaPUC |9 265054 | |
| 650 | 0 | |a Historia y crítica |9 257407 | |
| 650 | 0 | |a Retórica antigua |9 265653 | |
| 583 | |a last modification |c 20040611 00:00:00 |k Rodrigo Vera | ||
| 490 | 0 | |a Historia de la Literatura Universal; 6 Literatura Griega. Géneros y Temas | |
| 999 | |c 309562 |d 309560 | ||
| 952 | |0 0 |1 0 |4 0 |6 881_090000000000000_LOP_2002 |7 0 |8 A |9 377084 |a BIBEDU |b BIBEDU |d 2019-11-21 |i 402219K |l 2 |o 881.09 LOP 2002 |p 402219K |r 2024-03-25 |s 2024-03-20 |w 2019-11-21 |y BK |k LIT | ||